[Event "WC-2016-P-00012"]
[Site "LSS email"]
[Date "2012.02.12"]
[Round "?"]
[White "Lehnberger, Karl"]
[Black "Sinygovsky, Vladimir"]
[Result "1-0"]
[WhiteElo "2142"]
[BlackElo "1451"]
[PlyCount "75"]
[EventDate "2012.02.15"]
[EventType "tourn (corr)"]
[EventRounds "12"]
[EventCountry "GER"]
[SourceTitle "Telechess CBM 161"]
[Source "ChessBase"]
[SourceDate "2014.07.16"]
[SourceVersion "1"]
[SourceVersionDate "2014.07.16"]
[SourceQuality "1"]

1. e4 Nf6 2. e5 Nd5 3. d4 d6 4. Nf3 Bf5 5. Be2 dxe5 6. Nxe5 Nc6 7. Nxc6 bxc6 8. 0-0 e6 9. c4 Nb4 10. Bf3 Rb8 11. Nc3 Bd3 12. a3 Bxf1 13. Kxf1 Nd5 14. cxd5 cxd5 15. Qa4+ Qd7 16. Qxa7 Rc8 17. b4 Bd6 18. Qa6 0-0 19. Bb2 c6 20. Qd3 Rfe8 21. Na4 Qc7 22. Rc1 Ra8 23. Bd1 Bf4 24. Rc3 e5 25. b5 e4 26. Qe2 Qa7 27. Rxc6 e3 28. Nb6 Rad8 29. g3 Bc7 30. Na4 exf2 31. Qxf2 Ba5 32. Kg2 Qb7 33. Be2 Qe7 34. Bf3 Qb7 35. Rc5 Be1 36. Qc2 Rd7 37. Qb3 Bd2 38. Rc2 1-0

[Event "WC-2016-P-00012"]
[Site "LSS email"]
[Date "2012.02.12"]
[Round "?"]
[White "Rodrigues, Antonio F"]
[Black "Sinygovsky, Vladimir"]
[Result "1-0"]
[WhiteElo "1829"]
[BlackElo "1451"]
[PlyCount "87"]
[EventDate "2012.02.15"]
[EventType "tourn (corr)"]
[EventRounds "12"]
[EventCountry "GER"]
[SourceTitle "Telechess CBM 161"]
[Source "ChessBase"]
[SourceDate "2014.07.16"]
[SourceVersion "1"]
[SourceVersionDate "2014.07.16"]
[SourceQuality "1"]

1. d4 c6 2. c4 d5 3. Nf3 Bf5 4. Nc3 Nf6 5. cxd5 cxd5 6. Qb3 Qb6 7. Nxd5 Nxd5 8. Qxd5 e6 9. Qb3 Qxb3 10. axb3 Nc6 11. e3 Be7 12. Bc4 0-0 13. Bd2 Be4 14. Ke2 h6 15. Rhc1 Rfd8 16. Bd3 Bxd3+ 17. Kxd3 Rd5 18. Rc4 f6 19. e4 Rb5 20. Kc2 Kf7 21. Bc3 Rd8 22. h4 a6 23. Rh1 g6 24. Bd2 Kg7 25. Re1 Bb4 26. Bxb4 Nxb4+ 27. Kd2 Rd7 28. Re3 Nc6 29. Rec3 f5 30. Ke3 Kf6 31. g3 Na5 32. Rc7 Re7 33. R7c5 Rxc5 34. Rxc5 Nxb3 35. Rc8 Rd7 36. Rc3 Na5 37. Ne5 Re7 38. b4 Nc6 39. Nxc6 bxc6 40. Rxc6 Kf7 41. Rxa6 g5 42. b5 Rc7 43. exf5 exf5 44. Rxh6 1-0

[Event "WC-2016-P-00012"]
[Site "LSS email"]
[Date "2012.02.12"]
[Round "?"]
[White "Sinygovsky, Vladimir"]
[Black "Schubert, Kristian"]
[Result "1/2-1/2"]
[WhiteElo "1451"]
[BlackElo "1818"]
[PlyCount "40"]
[EventDate "2012.02.15"]
[EventType "tourn (corr)"]
[EventRounds "12"]
[EventCountry "GER"]
[SourceTitle "Telechess CBM 161"]
[Source "ChessBase"]
[SourceDate "2014.07.16"]
[SourceVersion "1"]
[SourceVersionDate "2014.07.16"]
[SourceQuality "1"]

1. Nf3 Nf6 2. d4 d5 3. Nc3 Nc6 4. Bg5 Ne4 5. Bf4 e6 6. Nxe4 dxe4 7. Ne5 Nxe5 8. Bxe5 f6 9. Bg3 h5 10. c3 h4 11. Bf4 g5 12. Bd2 Qd5 13. e3 Bd7 14. Be2 h3 15. Bh5+ Kd8 16. g3 f5 17. Be2 Bb5 18. 0-0 Kc8 19. b3 Bxe2 20. Qxe2 Qd7 1/2-1/2

[Event "BI-2011-F-00018"]
[Site "LSS email"]
[Date "2012.02.12"]
[Round "?"]
[White "Sinygovsky, Vladimir"]
[Black "Van de Peut, Aart A"]
[Result "1-0"]
[WhiteElo "1452"]
[BlackElo "1355"]
[PlyCount "87"]
[EventDate "2012.02.15"]
[EventType "tourn (corr)"]
[EventRounds "10"]
[EventCountry "GER"]
[SourceTitle "Telechess CBM 165"]
[Source "ChessBase"]
[SourceDate "2015.03.11"]
[SourceVersion "1"]
[SourceVersionDate "2015.03.11"]
[SourceQuality "1"]

1. Nf3 Nf6 2. Nc3 d5 3. d4 Bf5 4. Bf4 e6 5. Nh4 Bb4 6. Nxf5 exf5 7. Qd3 Qd7 8. g3 0-0 9. Bh3 g6 10. 0-0 Bxc3 11. Qxc3 Nc6 12. Bg2 Ne4 13. Qd3 Nd8 14. e3 g5 15. Be5 f6 16. f3 fxe5 17. fxe4 dxe4 18. Qc4+ Kg7 19. Rad1 Qc6 20. Qc5 Qxc5 21. dxc5 Rf7 22. g4 f4 23. Bxe4 Nc6 24. exf4 gxf4 25. Kf2 Rd8 26. Rfe1 Re7 27. h4 Kf6 28. g5+ Ke6 29. Rxd8 Nxd8 30. Rd1 Nc6 31. c3 Rg7 32. Kf3 a5 33. a3 Ne7 34. Bxb7 h6 35. Kg4 h5+ 36. Kf3 Ng6 37. Bd5+ Ke7 38. Rh1 Kd7 39. b4 c6 40. Bb3 Re7 41. Bc2 Rg7 42. Bxg6 Rxg6 43. Rd1+ Kc7 44. Ke4 1-0

[Event "BI-2011-P-00001"]
[Site "LSS email"]
[Date "2011.04.17"]
[Round "?"]
[White "Petersen, Hans"]
[Black "Sinygovsky, Vladimir"]
[Result "1/2-1/2"]
[WhiteElo "1645"]
[BlackElo "1438"]
[PlyCount "62"]
[EventDate "2011.04.20"]
[EventType "tourn (corr)"]
[EventRounds "10"]
[EventCountry "GER"]
[SourceTitle "Telechess CBM 149"]
[Source "ChessBase"]
[SourceDate "2012.07.17"]
[SourceVersion "1"]
[SourceVersionDate "2012.07.17"]
[SourceQuality "1"]

1. d4 Nf6 2. c4 e6 3. Nc3 Bb4 4. e3 d5 5. a3 Bxc3+ 6. bxc3 0-0 7. cxd5 exd5 8. Bd3 b6 9. Ne2 Ba6 10. Bc2 Bc4 11. 0-0 c5 12. Re1 Nc6 13. a4 Qd6 14. Ba3 Rfe8 15. Ng3 g6 16. e4 Qf4 17. dxc5 dxe4 18. Qd6 Qxd6 19. cxd6 Bd3 20. Bxd3 exd3 21. Red1 Ne5 22. f4 Nc4 23. Rxd3 Rad8 24. f5 Rd7 25. Rd4 Nxa3 26. Rxa3 Red8 27. a5 Rxd6 28. fxg6 fxg6 29. Rxd6 Rxd6 30. axb6 axb6 31. Rb3 Kf7 1/2-1/2

[Event "BI-2011-P-00001"]
[Site "LSS email"]
[Date "2011.04.17"]
[Round "?"]
[White "Sinygovsky, Vladimir"]
[Black "Rose, Robert E"]
[Result "1-0"]
[WhiteElo "1438"]
[BlackElo "675"]
[PlyCount "57"]
[EventDate "2011.04.20"]
[EventType "tourn (corr)"]
[EventRounds "10"]
[EventCountry "GER"]
[SourceTitle "Telechess CBM 149"]
[Source "ChessBase"]
[SourceDate "2012.07.17"]
[SourceVersion "1"]
[SourceVersionDate "2012.07.17"]
[SourceQuality "1"]

1. d4 Nf6 2. Nc3 g6 3. e4 Bg7 4. e5 Ng8 5. Be3 b6 6. Nf3 Bb7 7. Bd3 d6 8. 0-0 Nd7 9. e6 fxe6 10. Ng5 Qc8 11. Nxe6 Bf8 12. Nb5 Rb8 13. Nbxc7+ Kf7 14. Ng5+ Kg7 15. Nxh7 Rxh7 16. Ne6+ Kh8 17. Bxg6 Ndf6 18. Bxh7 Nxh7 19. d5 Qe8 20. Re1 Bc8 21. Bd4+ Ngf6 22. Qd3 Bxe6 23. Rxe6 Bg7 24. Rae1 Rb7 25. Rxd6 Qf7 26. Rd8+ Bf8 27. Re3 a5 28. Rh3 Kg7 29. Qxh7# 1-0

[Event "BI-2010-F-00015"]
[Site "LSS email"]
[Date "2011.02.21"]
[Round "?"]
[White "Sinygovsky, Vladimir"]
[Black "Moreira, Carlos Alberto Lima"]
[Result "1/2-1/2"]
[WhiteElo "1438"]
[BlackElo "1803"]
[PlyCount "57"]
[EventDate "2011.02.24"]
[EventType "tourn (corr)"]
[EventRounds "10"]
[EventCountry "GER"]
[SourceTitle "Telechess CBM 157"]
[Source "ChessBase"]
[SourceDate "2013.11.12"]
[SourceVersion "1"]
[SourceVersionDate "2013.11.12"]
[SourceQuality "1"]

1. e4 c5 2. Nf3 d6 3. Bc4 Nf6 4. Nc3 Nc6 5. 0-0 g6 6. d4 cxd4 7. Nxd4 Bg7 8. Nxc6 bxc6 9. e5 dxe5 10. Qxd8+ Kxd8 11. Rd1+ Ke8 12. Be3 Bf5 13. Rd2 h5 14. Re1 Nd7 15. f3 Bh6 16. Bxh6 Rxh6 17. Nd1 a5 18. Ne3 Nb6 19. b3 Nxc4 20. Nxc4 f6 21. Red1 Kf7 22. Rd8 Rh8 23. Rxh8 Rxh8 24. Nxa5 Ra8 25. Nxc6 Rxa2 26. Nb4 Ra7 27. Kf2 Rc7 28. Ke3 g5 29. Rc1 1/2-1/2

[Event "LSS No Engine Cup 34 Preliminary 7"]
[Site "LSS email"]
[Date "2011.01.08"]
[Round "?"]
[White "Bearce, Harold L"]
[Black "Sinygovsky, Vladimir"]
[Result "0-1"]
[WhiteElo "451"]
[BlackElo "1381"]
[PlyCount "40"]
[EventDate "2011.01.09"]
[EventType "tourn (corr)"]
[EventRounds "6"]
[EventCountry "GER"]
[SourceTitle "Telechess CBM 151"]
[Source "ChessBase"]
[SourceDate "2012.11.13"]
[SourceVersion "1"]
[SourceVersionDate "2012.11.13"]
[SourceQuality "1"]

1. d4 d5 2. c4 Nf6 3. Nc3 c6 4. e3 Be6 5. Nf3 dxc4 6. Bd2 b5 7. Be2 Nbd7 8. 0-0 Bf5 9. Nh4 Be6 10. Qc2 g6 11. h3 Bh6 12. g4 0-0 13. f4 Bg7 14. f5 gxf5 15. gxf5 Bd5 16. Bf3 Qc7 17. Nxd5 cxd5 18. e4 Qg3+ 19. Ng2 Nxe4 20. Bxe4 Bxd4+ 0-1

[Event "LSS No Engine Cup 34 Preliminary 7"]
[Site "LSS email"]
[Date "2011.01.08"]
[Round "?"]
[White "Sinygovsky, Vladimir"]
[Black "Hammerschmidt, Volker"]
[Result "1/2-1/2"]
[WhiteElo "1381"]
[BlackElo "1543"]
[PlyCount "55"]
[EventDate "2011.01.09"]
[EventType "tourn (corr)"]
[EventRounds "6"]
[EventCountry "GER"]
[SourceTitle "Telechess CBM 151"]
[Source "ChessBase"]
[SourceDate "2012.11.13"]
[SourceVersion "1"]
[SourceVersionDate "2012.11.13"]
[SourceQuality "1"]

1. a3 d5 2. d4 c6 3. Nc3 Nf6 4. Nf3 Bf5 5. Nh4 Be6 6. g3 Nbd7 7. Bg2 Qb6 8. 0-0 h6 9. f4 g6 10. a4 a5 11. Nf3 Bg7 12. e3 0-0 13. b3 Bf5 14. Ne5 Rad8 15. Ba3 Rde8 16. Qe2 Qc7 17. Rad1 h5 18. e4 dxe4 19. Nxe4 Nxe5 20. dxe5 Nxe4 21. Bxe4 Bxe4 22. Qxe4 Rd8 23. Kg2 c5 24. f5 Rxd1 25. Rxd1 b6 26. Bb2 gxf5 27. Qxf5 Rd8 28. Rxd8+ 1/2-1/2

[Event "LSS No Engine Cup 34 Preliminary 7"]
[Site "LSS email"]
[Date "2011.01.08"]
[Round "?"]
[White "Sinygovsky, Vladimir"]
[Black "Van Esbroeck, Dirk"]
[Result "1-0"]
[WhiteElo "1381"]
[BlackElo "940"]
[PlyCount "37"]
[EventDate "2011.01.09"]
[EventType "tourn (corr)"]
[EventRounds "6"]
[EventCountry "GER"]
[SourceTitle "Telechess CBM 151"]
[Source "ChessBase"]
[SourceDate "2012.11.13"]
[SourceVersion "1"]
[SourceVersionDate "2012.11.13"]
[SourceQuality "1"]

1. a3 Nf6 2. d4 g6 3. Nc3 Bg7 4. e4 d6 5. Nf3 Bg4 6. h3 Bxf3 7. Qxf3 Nc6 8. Be3 0-0 9. 0-0-0 e6 10. g4 d5 11. e5 Nd7 12. Qg3 Ne7 13. f4 Rc8 14. h4 a6 15. h5 h6 16. hxg6 fxg6 17. f5 exf5 18. Bxh6 c5 19. Qh2 1-0

[Event "CP-2010-P-00023"]
[Site "LSS email"]
[Date "2010.09.28"]
[Round "?"]
[White "Pott, Brian"]
[Black "Sinygovsky, Vladimir"]
[Result "1-0"]
[WhiteElo "1602"]
[BlackElo "1381"]
[PlyCount "31"]
[EventDate "2010.10.01"]
[EventType "tourn (corr)"]
[EventRounds "6"]
[EventCountry "GER"]
[SourceTitle "Corr 2015"]
[Source "ChessBase"]
[SourceDate "2015.07.17"]
[SourceVersion "1"]
[SourceVersionDate "2015.07.17"]
[SourceQuality "1"]

1. e4 c5 2. c3 d5 3. exd5 Qxd5 4. d4 Nf6 5. Nf3 Bg4 6. Be2 Nc6 7. h3 Bh5 8. c4 Qd6 9. d5 Bxf3 10. Bxf3 Nd4 11. Nc3 e5 12. Qa4+ Nd7 13. Nb5 Nxf3+ 14. gxf3 Qb6 15. Be3 Rc8 16. Qxa7 1-0

[Event "OP-2010-0-01237"]
[Site "LSS email"]
[Date "2010.08.20"]
[Round "?"]
[White "Kazimierski, Tomasz"]
[Black "Sinygovsky, Vladimir"]
[Result "0-1"]
[WhiteElo "1877"]
[BlackElo "1191"]
[PlyCount "38"]
[EventDate "2010.08.14"]
[EventType "tourn (corr)"]
[EventRounds "4"]
[EventCountry "GER"]
[SourceTitle "Corr 2022"]
[Source "ChessBase"]
[SourceDate "2021.10.24"]
[SourceVersion "1"]
[SourceVersionDate "2021.10.24"]
[SourceQuality "1"]

1. h3 e5 2. c3 d5 3. Qa4+ Qd7 4. Qxd7+ Bxd7 5. Nf3 e4 6. Ne5 Be6 7. d4 Bd6 8. Ng4 f5 9. Ne5 Nd7 10. Nxd7 Kxd7 11. Na3 a6 12. g3 Nf6 13. Bf4 Bxf4 14. gxf4 h6 15. h4 Kc6 16. e3 h5 17. c4 Kd7 18. Rc1 c6 19. cxd5 cxd5 0-1

[Event "OP-2010-0-01237"]
[Site "LSS email"]
[Date "2010.08.20"]
[Round "?"]
[White "Sinygovsky, Vladimir"]
[Black "Ausan, Leo Tito Jr"]
[Result "1-0"]
[WhiteElo "1240"]
[BlackElo "1083"]
[PlyCount "105"]
[EventDate "2010.08.14"]
[EventType "tourn (corr)"]
[EventRounds "4"]
[EventCountry "GER"]
[SourceTitle "Telechess CBM 143"]
[Source "ChessBase"]
[SourceDate "2011.07.15"]
[SourceVersion "1"]
[SourceVersionDate "2011.07.15"]
[SourceQuality "1"]

1. a3 e5 2. Nf3 e4 3. Nd4 Bc5 4. e3 d5 5. Nc3 Nf6 6. Bb5+ c6 7. Be2 0-0 8. 0-0 Nbd7 9. b4 Bd6 10. Nf5 Be5 11. f4 exf3 12. Rxf3 Re8 13. d4 Bc7 14. Qe1 Nf8 15. b5 Ng6 16. Bd3 Ne4 17. Bxe4 dxe4 18. Rf1 Qg5 19. Ng3 Nh4 20. Qf2 f5 21. bxc6 bxc6 22. Ncxe4 Qg6 23. Nc5 Bb6 24. Nd3 Be6 25. Nf4 Qf7 26. Nxe6 Qxe6 27. Nxf5 Rf8 28. g4 g5 29. c3 Qe4 30. h3 Bc7 31. Ra2 c5 32. Qc2 Qe6 33. e4 h6 34. Rb2 Rab8 35. Rxb8 Rxb8 36. Nxh4 gxh4 37. Bf4 Rb7 38. d5 Qb6 39. e5 c4+ 40. Kh1 Bd8 41. e6 Bg5 42. Qg6+ Rg7 43. Qe8+ Kh7 44. Be5 Qe3 45. Qf8 Qxe5 46. Qf5+ Qxf5 47. gxf5 Bf6 48. d6 Rg3 49. Re1 Rxh3+ 50. Kg2 Rg3+ 51. Kh2 Rg8 52. d7 Kg7 53. e7 1-0

[Event "LSS SE-2009-0-00030"]
[Site "LSS email"]
[Date "2009.10.03"]
[Round "?"]
[White "Avdeev, Sergey"]
[Black "Sinygovsky, Vladimir"]
[Result "1-0"]
[WhiteElo "1356"]
[BlackElo "1157"]
[PlyCount "63"]
[EventDate "2009.07.18"]
[EventType "tourn (corr)"]
[EventRounds "6"]
[EventCountry "GER"]
[SourceTitle "Telechess CBM 137"]
[Source "ChessBase"]
[SourceDate "2010.07.15"]
[SourceVersion "1"]
[SourceVersionDate "2010.07.15"]
[SourceQuality "1"]

1. e4 Nf6 2. e5 Nd5 3. d4 d6 4. Nf3 Nc6 5. c4 Nb6 6. Nc3 Bg4 7. Be3 dxe5 8. d5 Nd4 9. Bxd4 exd4 10. Qxd4 Bxf3 11. gxf3 e6 12. 0-0-0 Qg5+ 13. f4 Qf6 14. Qxf6 gxf6 15. Bh3 f5 16. Rhe1 0-0-0 17. dxe6 Rxd1+ 18. Kxd1 fxe6 19. Rxe6 Kd8 20. b3 Bd6 21. Rf6 Ke7 22. Rxf5 Nd7 23. Ne4 Rf8 24. Nxd6 cxd6 25. Rxf8 Nxf8 26. Ke2 a5 27. Ke3 Kf6 28. Bc8 b6 29. f5 Kg5 30. Ke4 h5 31. Kd5 Kf4 32. Kxd6 1-0

[Event "LSS OP-2009-0-00949"]
[Site "LSS email"]
[Date "2009.09.25"]
[Round "?"]
[White "Lauer, Fredric"]
[Black "Sinygovsky, Vladimir"]
[Result "1-0"]
[WhiteElo "1339"]
[BlackElo "1185"]
[PlyCount "57"]
[EventDate "2009.09.19"]
[EventType "tourn (corr)"]
[EventRounds "4"]
[EventCountry "GER"]
[SourceTitle "Telechess CBM 137"]
[Source "ChessBase"]
[SourceDate "2010.07.15"]
[SourceVersion "1"]
[SourceVersionDate "2010.07.15"]
[SourceQuality "1"]

1. e4 c6 2. Nc3 d5 3. Qf3 d4 4. Bc4 Nh6 5. Nce2 Qd6 6. d3 Bg4 7. Qg3 Qxg3 8. hxg3 b5 9. Bb3 a5 10. a4 e5 11. Bxh6 gxh6 12. f3 Bd7 13. f4 f6 14. Nf3 Bg7 15. axb5 cxb5 16. Bd5 Bc6 17. Bxc6+ Nxc6 18. c3 dxc3 19. Nxc3 b4 20. Nd5 0-0 21. Rc1 Nd4 22. Nxd4 exd4 23. Rc4 f5 24. Ne7+ Kh8 25. Nxf5 Rfc8 26. Rxc8+ Rxc8 27. Kd2 a4 28. Ra1 Ra8 29. e5 1-0

[Event "LSS SE-2009-0-00030"]
[Site "LSS email"]
[Date "2009.09.20"]
[Round "?"]
[White "Stadler, Pavel"]
[Black "Sinygovsky, Vladimir"]
[Result "1-0"]
[WhiteElo "1253"]
[BlackElo "1185"]
[PlyCount "91"]
[EventDate "2009.07.18"]
[EventType "tourn (corr)"]
[EventRounds "6"]
[EventCountry "GER"]
[SourceTitle "Telechess CBM 137"]
[Source "ChessBase"]
[SourceDate "2010.07.15"]
[SourceVersion "1"]
[SourceVersionDate "2010.07.15"]
[SourceQuality "1"]

1. e4 Nf6 2. e5 Nd5 3. d4 d6 4. Nf3 Nc6 5. exd6 exd6 6. Be2 Be7 7. 0-0 Bf5 8. c4 Nf6 9. Nc3 0-0 10. Bg5 h6 11. Bh4 g5 12. Bg3 Nh5 13. d5 Nxg3 14. hxg3 Ne5 15. Re1 Bf6 16. Nxe5 Bxe5 17. Bd3 Bxd3 18. Qxd3 Re8 19. b3 Qf6 20. Rac1 Bd4 21. Ne4 Qg7 22. g4 Re7 23. Ng3 Qf6 24. Nf5 Rxe1+ 25. Rxe1 Be5 26. Qh3 Kf8 27. Qxh6+ Qxh6 28. Nxh6 Kg7 29. Nf5+ Kf6 30. g3 a6 31. Kg2 b5 32. Rb1 b4 33. Rh1 Bb2 34. f4 Rg8 35. Kf3 a5 36. Rh6+ Rg6 37. Rxg6+ fxg6 38. Ne3 Bd4 39. Nc2 Bg1 40. Ne1 gxf4 41. gxf4 g5 42. Nd3 Bh2 43. fxg5+ Kxg5 44. Nf2 Be5 45. Ne4+ Kg6 46. c5 1-0

[Event "LSS RE-2009-0-00027"]
[Site "LSS email"]
[Date "2009.09.06"]
[Round "?"]
[White "Moreira Lopes, Jose Carlos"]
[Black "Sinygovsky, Vladimir"]
[Result "1-0"]
[WhiteElo "1339"]
[BlackElo "1185"]
[PlyCount "41"]
[EventDate "2009.05.16"]
[EventType "tourn (corr)"]
[EventRounds "6"]
[EventCountry "GER"]
[SourceTitle "Corr 2011"]
[Source "ChessBase"]
[SourceDate "2010.08.31"]
[SourceVersion "1"]
[SourceVersionDate "2010.08.31"]
[SourceQuality "1"]

1. e4 Nf6 2. e5 Nd5 3. d4 d6 4. Nf3 Nc6 5. c4 Nb6 6. Be2 dxe5 7. d5 Nb4 8. a3 e4 9. Ne5 Nd3+ 10. Nxd3 exd3 11. Bxd3 e6 12. Nc3 Be7 13. Qf3 exd5 14. cxd5 0-0 15. 0-0 Bf6 16. Rd1 Re8 17. Bf4 Be5 18. Re1 Bxf4 19. Qxf4 Rxe1+ 20. Rxe1 g6 21. h4 1-0

[Event "LSS RE-2009-0-00027"]
[Site "LSS email"]
[Date "2009.09.06"]
[Round "?"]
[White "Sinygovsky, Vladimir"]
[Black "Cook, Phil"]
[Result "1/2-1/2"]
[WhiteElo "1185"]
[BlackElo "1217"]
[PlyCount "35"]
[EventDate "2009.05.16"]
[EventType "tourn (corr)"]
[EventRounds "6"]
[EventCountry "GER"]
[SourceTitle "Corr 2011"]
[Source "ChessBase"]
[SourceDate "2010.08.31"]
[SourceVersion "1"]
[SourceVersionDate "2010.08.31"]
[SourceQuality "1"]

1. a3 Nf6 2. Nf3 Nc6 3. d4 d5 4. Nc3 a6 5. h3 Bf5 6. Bf4 e6 7. e3 Ne4 8. Be2 Nxc3 9. bxc3 Be7 10. 0-0 g5 11. Bg3 h5 12. c4 g4 13. hxg4 hxg4 14. Nh2 Bd6 15. cxd5 Bxg3 16. fxg3 Qxd5 17. Nxg4 0-0-0 18. Rf4 1/2-1/2